| 000 | 00916nam2a22002291 4500 | ||
|---|---|---|---|
| 001 | rc\4923489 | ||
| 005 | 20130426155601.7 | ||
| 035 | _a(NLR Aleph) 008842629 | ||
| 090 |
_a8352416 _c8352416 |
||
| 100 | _a20130426d1967 |||y0rusy50 ca | ||
| 101 | 0 | _arus | |
| 102 | _aRU | ||
| 105 | _ay z |||a| | ||
| 200 | 1 | _a[Стихи] | |
| 210 |
_aНальчик _cКабард.-Балкар. кн. изд-во _d1967 |
||
| 461 | 0 |
_1001rc\4923482 _12001#$aЭхо гор$e[Избр. лирика Кабардино-Балкарии]$e[1]-$v[7] _98352377 _cНальчик _d1967 _nКабард.-Балкар. кн. изд-во _o[Избр. лирика Кабардино-Балкарии] : [1]- _p10 кн. в папке _tЭхо гор _v[7] |
|
| 700 | 1 |
_aПачев _bБ. М. _f1854-1936 _gБекмурза Машевич |
|
| 801 | 0 |
_aRU _bNLR _gpsbo |
|
| 801 | 1 |
_aRU _bELAR _2rusmarc |
|
| 852 |
_aNLR _j68-1/44 |
||
| 942 | _cBOOK | ||
| 980 | _aNB | ||